| 000 | 00539nam a22001697a 4500 | ||
|---|---|---|---|
| 010 | _aENG-120531 | ||
| 020 |
_a9789385485008 _c300.00 |
||
| 035 | _aEN-104063 | ||
| 037 | _bDBAD/PUB | ||
| 082 | _a320.550954 | ||
| 100 | _aElst, Koenraad | ||
| 245 |
_aOn modi time : _bmerits and flaws of hindu activism in its day of incumbency / _cby Koenraad Elst |
||
| 260 |
_aNew Delhi _bVoice of India _c2015 |
||
| 270 |
_a2/18, Ansari Road, _bDelhi _e110002 |
||
| 300 |
_a254p. _b21cm(pbk). |
||
| 942 |
_2ddc _cEN _h320.550954 _mELS |
||
| 999 |
_c144263 _d144263 |
||